000 00462nam a2200181 a 4500
001 48881
005 20180714033338.0
008 140415s1981 000 0 spa d
020 _a0256023751
041 _aspa
082 _a320
_bISA
100 1 _aISAAK, ALAN C.
245 1 0 _aSCOPE AND METHODS OF POLITICAL SCIENCE
250 _a3a ed.
260 _a[s.l.] :
_bTHE DORSEY PRESS,
_c1981
300 _a309
650 1 4 _aCIENCIAS POLITICAS
999 _c48881
_d48881